000 00651cam a22002053a 4500
001 43868
003 PGUSA
005 20140828084011.0
008 131002s2013||||xxu|||||s|||||000 | eng d
040 _aPGUSA
_beng
042 _adc
100 1 _aHallam, Henry,
_d1777-1859
245 1 0 _aIntroduction to the Literature of Europe in the Fifteenth, Sixteenth, and Seventeenth Centuries, Vol. 1
_h[electronic resource] /
_cHenry Hallam
260 _bProject Gutenberg,
_c2013
506 _aPublic domain in the USA.
516 _aElectronic text
830 0 _aProject Gutenberg
_v43868
856 4 0 _uhttp://www.gutenberg.org/ebooks/43868
942 _cEB
999 _c273119
_d273119